000 00487nam a2200133 4500
001 3988
005 20181127172342.0
090 0 0 _a338.95 R8884h 2013
245 0 0 _aHappiness :
_bTowards a new development paradigm : Report of the Kingdom of Bhutan /
_cRoyal Government of Bhutan.
_h
260 0 0 _a[Thimphu] :
_bRoyal Government of Bhutan,
_c2013.
300 0 0 _a62 p. ; 24 cm.
500 _aElectronic copy available on RTC Cloud in "Library" folder
650 0 0 _aSustainable development --Bhutan.
_x
999 _c3255
_d3255